000 01057nam a22002297a 4500
003 OSt
005 20260204122651.0
008 240305s2005 ag ||||| |||| 00| 1 spa d
020 _a950-01-0830-5
040 _cbesoc
100 1 _aDoyle, Arthur Conan,
_d1859-1930,
_eautor
245 1 3 _aEl sabueso de los Baskerville /
_cArthur Conan Doyle ; traducción César Aira
260 _aBuenos Aires :
_bEstrada,
_c2005
300 _a199 p. ;
_c19 cm
490 0 _aColección azulejo ;
_v9
500 _aEdición anotada con propuesta de actividades.
520 _aEsta atrapante aventura de Sherlock Holmes ya se ha convertido en un clásico del genero policial. Escenarios desolados, personajes envueltos por el ministerio, el peso de una maldición y los aterradores ladridos que se escuchan en la noche... son alguno de los condimentos que se agregan a esta historia de enigma electrizante. [Nota del editor]
650 7 _aLiteratura inglesa
_2embne
655 7 _2embne
_aNovelas policiacas
700 1 _aAira, César,
_d1949-
_etraductor
942 _2udc
_cOG
_n0
999 _c209
_d209